[Event "BRA-chT"]
[Site "San Jose do Rio Preto"]
[Date "1995.??.??"]
[Round "6"]
[White "Martinez, Carlos Alejandro"]
[Black "Vescovi, Giovanni"]
[Result "0-1"]
[WhiteElo "2385"]
[BlackElo "2465"]

1.e4 c5 2.Nf3 d6 3.Bb5+ Nc6 4.O-O Bd7 5.d4 cxd4 6.Bxc6 bxc6 7.Qxd4 e5 8.Qd3 Be7
9.c4 Qc7 10.Nc3 Nf6 11.Rd1 Rd8 12.h3 h6 13.b3 O-O 14.Qe2 Bc8 15.Be3 Ba6 16.Qb2 Nh5
17.Qa3 Bb7 18.Qxa7 Ra8 19.Qb6 Qc8 20.Bd2 f5 21.exf5 c5 22.Nd5 Bxd5 23.cxd5 Qxf5
24.Be3 Nf4 25.Ne1 Ne2+ 26.Kh1 Nc3 27.Rd3 Ne4 28.f3 Ng3+ 29.Kg1 e4 30.Rd2 Qe5
31.Nc2 exf3 32.gxf3 Rxf3 33.Re1 Raf8 34.Qb7 Rf1+ 35.Rxf1 Rxf1+ 36.Kg2 Qe4+  0-1

[Event "San Juan y Martinez"]
[Site "San Juan"]
[Date "1995.??.??"]
[Round "4"]
[White "Moreno, Alejandro"]
[Black "Pupo, Emilio"]
[Result "1/2-1/2"]
[WhiteElo "2455"]
[BlackElo "2420"]

1.e4 c5 2.Nf3 d6 3.Bb5+ Bd7 4.Bxd7+ Qxd7 5.O-O Nf6 6.Qe2 Nc6 7.c3 e6 8.d4 cxd4
9.cxd4 d5 10.e5 Ne4 11.Be3 Be7 12.Ne1 f6 13.f3 Ng5 14.Nd3 O-O 15.Nd2 Rac8
16.Rac1 b6 17.a3 Rc7 18.exf6 Bxf6 19.Ne5 Bxe5 20.dxe5 Nf7 21.f4 Rfc8 22.Nb3  1/2-1/2

[Event "San Luis Clarin GP"]
[Site "San Luis"]
[Date "1995.??.??"]
[Round "3"]
[White "Zarnicki, Pablo"]
[Black "Slipak, Sergio"]
[Result "1-0"]
[WhiteElo "2520"]
[BlackElo "2450"]

1.e4 c5 2.Nf3 d6 3.Bb5+ Bd7 4.Bxd7+ Nxd7 5.O-O Ngf6 6.Re1 g6 7.c3 Bg7 8.d4 O-O
9.h3 Ne8 10.a4 Nc7 11.Na3 a6 12.Be3 b5 13.axb5 axb5 14.dxc5 Nxc5 15.e5 Rb8
16.Nd4 Qd7 17.exd6 Qxd6 18.Qe2 b4 19.Nc4 Qf6 20.cxb4 N5e6 21.Nc6 Rbe8 22.N4e5 Nd8
23.b5 Qe6 24.Nxd8 Qxe5 25.Nc6 Qxb5 26.Qxb5 Nxb5 27.Bc5 f5 28.Ra5 Nc7 29.Nxe7+ Kh8
30.Bd6 Na8 31.b4 Nb6 32.Rc1 Rf7 33.Ra6 Bd4 34.Rd1 Nc4 35.Rxd4 Nxd6 36.Nxg6+ hxg6
37.Rdxd6 Re1+ 38.Kh2 Rb1 39.Rxg6 Rxb4 40.Rgf6 Rxf6 41.Rxf6 Rb5 42.g4  1-0

[Event "San Luis Clarin GP"]
[Site "San Luis"]
[Date "1995.??.??"]
[Round "5"]
[White "Malbran, Guillermo"]
[Black "Scarella, Enrique"]
[Result "1-0"]
[WhiteElo "2335"]
[BlackElo "2380"]

1.e4 c5 2.Nf3 d6 3.Bb5+ Bd7 4.Qe2 Nc6 5.c3 Rc8 6.O-O a6 7.Ba4 Nf6 8.d4 cxd4
9.cxd4 b5 10.Bb3 Bg4 11.d5 Nd4 12.Qd3 Bxf3 13.Qxd4 Bxe4 14.Nc3 Bf5 15.Re1 e5
16.dxe6 Bxe6 17.Bxe6 fxe6 18.Rxe6+ Kf7 19.Re2 d5 20.Qa7+ Qd7 21.Qxd7+ Nxd7
22.Nxd5 Bc5 23.Bf4 Rhe8 24.Rxe8 Rxe8 25.Kf1 Re4 26.Be3 Bd6 27.Rc1 Ne5 28.Ke2 Nc4
29.b3 Nxe3 30.Nxe3 a5 31.Kd3 Rf4 32.Rc6 Bf8 33.f3 a4 34.Nd5 Rh4 35.h3 axb3
36.axb3 g6 37.f4 Bh6 38.Rb6 Bxf4 39.Rf6+  1-0

[Event "San Luis Clarin GP"]
[Site "San Luis"]
[Date "1995.??.??"]
[Round "6"]
[White "Malbran, Guillermo"]
[Black "Servat, Roberto"]
[Result "0-1"]
[WhiteElo "2335"]
[BlackElo "2450"]

1.e4 c5 2.Nf3 d6 3.Bb5+ Nd7 4.O-O a6 5.Bxd7+ Qxd7 6.d4 cxd4 7.Qxd4 e5 8.Qd3 h6
9.Nc3 Nf6 10.a4 Qc6 11.Nd5 Nxd5 12.exd5 Qc7 13.Nd2 Be7 14.f4 exf4 15.Rxf4 O-O
16.Nf3 Bd7 17.Rc4 Qd8 18.Nd4 Qa5 19.Nb3 Qe1+ 20.Qf1 Qxf1+ 21.Kxf1 Rac8 22.Rxc8 Rxc8
23.c3 Rc4 24.Be3 Bd8 25.a5 Ra4 26.Rxa4 Bxa4 27.Nd4 Bxa5 28.Bf4 Bc7 29.c4 Bd7
30.h4 Kf8 31.Ke2 Ke7 32.Kf3 f5 33.h5 Bb6 34.Be3 Bc5 35.Kf4 Kf6 36.b3 Be8
37.Nxf5 Bxe3+ 38.Nxe3 Bxh5 39.b4 b6 40.g3 a5 41.bxa5 bxa5 42.Ke4 Be8 43.Kd4 h5
44.c5 dxc5+ 45.Kxc5 g5 46.Kd4 a4 47.Nc2 h4 48.gxh4 gxh4 49.d6 h3 50.Ne3 Bd7
51.Nf1 Ke6 52.Kc3 Kxd6 53.Nh2 Ke5  0-1

[Event "San Salvador zt"]
[Site "San Salvador"]
[Date "1995.??.??"]
[Round "?"]
[White "Rohl, Juan"]
[Black "Hernandez, Gilberto"]
[Result "1/2-1/2"]
[WhiteElo "2325"]
[BlackElo "2525"]

1.e4 c5 2.Nf3 d6 3.Bb5+ Bd7 4.Bxd7+ Nxd7 5.O-O Ngf6 6.Qe2 e6 7.b3 g6 8.Bb2 Bg7
9.c4 O-O 10.d4 cxd4 11.Nxd4 Qb6 12.Nc2 Nc5 13.Nd2 Rfe8 14.Rae1 a5 15.Bd4 Qc6
16.Qf3 Ncd7 17.Ba1 Qc5 18.e5 Nxe5 19.Bxe5 dxe5 20.Qxb7 Rad8 21.Rd1 Rd6 22.Nf3 e4
23.Rxd6 Qxd6 24.Ng5 Re7 25.Qa8+  1/2-1/2

[Event "Sao Paulo op"]
[Site "Sao Paulo"]
[Date "1995.??.??"]
[Round "5"]
[White "Pelikian, Jefferson"]
[Black "Limp, Eduardo"]
[Result "1/2-1/2"]
[WhiteElo "2355"]
[BlackElo "2325"]

1.e4 c5 2.Nf3 d6 3.Bb5+ Bd7 4.a4 Nc6 5.O-O Nf6 6.Re1 e6 7.Nc3 Be7 8.Bxc6 Bxc6
9.e5 dxe5 10.Nxe5 Rc8 11.Nxc6 Rxc6 12.d3 O-O 13.Qf3 Nd5 14.Nxd5 exd5 15.Bf4 Bf6
16.c3 Qd7 17.Be5 Re6 18.Bxf6 Rxf6 19.Qe3 d4 20.cxd4 cxd4 21.Qd2 g6 22.a5 Re8
23.Rxe8+ Qxe8 24.Re1 Re6 25.Rxe6 Qxe6 26.g3 a6 27.h4 h5 28.Kh2 Qd5 29.Qb4 Kg7
30.Kg1 Kf6 31.Qb6+ Kf5 32.Kh2 Ke5 33.Qc7+ Ke6 34.Qb6+ Kd7 35.Kg1 Kc8 36.Kf1 Kd7
37.Kg1 Ke7 38.Qc7+ Kf8 39.Qb6 Kg8 40.Kh2 Qf5 41.Qd8+ Kh7 42.Qxd4 Qxa5 43.Qd7 Qf5
44.Qxb7 Qxf2+ 45.Kh3 Qf1+ 46.Kh2 Qe2+ 47.Kh3 Qe6+ 48.Kg2 Kg7 49.Qf3 Kf8 50.Kh2 Ke7
51.Qb7+ Kf6 52.Qf3+ Kg7 53.Kg2 Qb6 54.Qe2 Qd4 55.Kh2 Kf6 56.Qf3+ Ke5 57.Qxf7 Qxd3
58.Qg7+ Kd5 59.Qb7+ Kc5 60.Qb8 Qe2+ 61.Kg1 Qe1+ 62.Kg2 Qe4+ 63.Kf2 Qd4+ 64.Kf3 Qd3+
65.Kf4 Qf5+ 66.Ke3 a5 67.Qc7+ Kb5 68.Kd4 Qf2+ 69.Kd5 Qf3+ 70.Kd4 Qd1+ 71.Ke5 Qg4
72.Kf6 Qf5+ 73.Kg7 g5 74.Qc3 gxh4 75.Qb3+ Kc5 76.Qc3+ Kd6 77.Qd4+ Ke6 78.Qc4+ Ke5
79.Qxh4 Qg4+ 80.Kh6 Qe6+ 81.Kxh5 Qf7+ 82.Kh6 Qf8+ 83.Kg6 Qg8+ 84.Kh6 Qh8+
85.Kg6 Qg8+ 86.Kh6 Qh8+ 87.Kg6 Qg8+ 88.Kh6  1/2-1/2

[Event "Schmiden op"]
[Site "Schmiden"]
[Date "1995.??.??"]
[Round "9"]
[White "Barle, Janez"]
[Black "Scheipl, Ralf"]
[Result "1-0"]
[WhiteElo "2455"]
[BlackElo "2270"]

1.e4 c5 2.Nf3 d6 3.Bb5+ Bd7 4.Qe2 Bxb5 5.Qxb5+ Qd7 6.Qe2 Nc6 7.d3 g6 8.O-O Bg7
9.c3 Rc8 10.Rd1 e6 11.Bf4 Nge7 12.d4 cxd4 13.cxd4 O-O 14.h3 f5 15.e5 Nd5
16.Bh2 dxe5 17.dxe5 Bh6 18.Na3 g5 19.Nb5 Qg7 20.Nd6 Rc7 21.Nd4 Qg6 22.Nxc6 Rxc6
23.Nxb7 g4 24.Kh1 Kh8 25.Nd6 gxh3 26.gxh3 Bg5 27.Rg1 Qh6 28.Rg2 Bf4 29.Rag1 Rc7
30.Qf3 Bxh2 31.Kxh2 Qf4+ 32.Rg3 Qxe5 33.Qa3 Rg8 34.Nb5 Rc2 35.Kh1 Nf6 36.Nd6 Qd5+
37.R1g2 e5 38.Rxg8+ Nxg8 39.Qg3 Rc7 40.Nxf5 Nf6 41.Nh6 Qe6 42.Kh2 Re7 43.Qa3 Nh5
44.Rg8+  1-0

[Event "Asia-chT"]
[Site "Singapore"]
[Date "1995.??.??"]
[Round "6"]
[White "Zhang Zhong"]
[Black "Katalymov, Boris N"]
[Result "1-0"]
[WhiteElo "2430"]
[BlackElo "2460"]

1.e4 c5 2.Nf3 d6 3.Bb5+ Nd7 4.d4 cxd4 5.Qxd4 a6 6.Bxd7+ Bxd7 7.O-O Rc8 8.Nc3 e5
9.Qa7 Bc6 10.Nd5 Nf6 11.Bg5 Be7 12.Rfd1 Bxd5 13.exd5 Rxc2 14.Qxb7 Qc8 15.Qxc8+ Rxc8
16.Nxe5 dxe5 17.d6 Rc2 18.dxe7 Kxe7 19.Rd5 Ke6 20.Ra5 Ra8 21.b4 Ne4 22.Be3 Nd6
23.Rc5 Nc4 24.Bd2 a5 25.b5 Rxd2 26.Rxc4 a4 27.Rc6+ Rd6 28.Rc4 Rd4 29.Rc6+ Kd5
30.Rb1 Rb8 31.Rc7 Kd6 32.Rc6+ Kd7 33.Rc5 f6 34.g3 Rc8 35.Rxc8 Kxc8 36.Rb2 Kb7
37.Kg2 Kb6 38.Kf3 Rd5 39.Rb4 Ka5 40.Rc4 Rxb5 41.Rc7 Rb2 42.Rxg7 Rxa2 43.Rxh7 Rc2
44.Ra7+ Kb4 45.Rb7+ Kc3 46.Ra7 Kb3 47.Rb7+ Ka2 48.h4 a3 49.h5 Rb2 50.Ra7 Rb8
51.Ke4 Kb2 52.Kf5 a2 53.h6 a1=Q 54.Rxa1 Kxa1 55.h7 Kb2 56.g4 Kc3 57.Kxf6 Kd4
58.g5 e4 59.g6 Rf8+ 60.Ke6 Rh8 61.g7 Rxh7 62.g8=Q Rh6+ 63.Kf5 Rh5+ 64.Kg4 Rh1
65.Qd8+ Ke5 66.Qe7+ Kd4 67.Qd6+ Kc4 68.Kf4 Rf1 69.Qd2  1-0

[Event "Asia-chT"]
[Site "Singapore"]
[Date "1995.??.??"]
[Round "6"]
[White "Tkachiev, Vladislav"]
[Black "Xu Jun"]
[Result "1/2-1/2"]
[WhiteElo "2605"]
[BlackElo "2535"]

1.e4 c5 2.Nf3 d6 3.Bb5+ Nc6 4.c3 Nf6 5.Qe2 e5 6.d4 cxd4 7.cxd4 exd4 8.Nxd4 Bd7
9.Bxc6 bxc6 10.O-O Be7 11.Nc3 O-O 12.Qf3 Qb6 13.Nf5 Bxf5 14.Qxf5 Rfe8 15.b3  1/2-1/2

[Event "Sitges op"]
[Site "Sitges"]
[Date "1995.??.??"]
[Round "3"]
[White "Banegas Gomez, Ricard"]
[Black "Marin, Mihail"]
[Result "1/2-1/2"]
[WhiteElo "2130"]
[BlackElo "2520"]

1.e4 c5 2.Nf3 d6 3.Bb5+ Bd7 4.a4 Nc6 5.O-O Nf6 6.Re1 e6 7.d4 cxd4 8.Nxd4 Be7
9.Nc3 Qc7 10.Bg5 O-O 11.Nf3 a6 12.Bf1 Rfd8 13.Qe2 Be8 14.Rad1 Rac8 15.h3 Ne5
16.Nd2 Qb6 17.Nb3 Nc4 18.Bc1 Qc7 19.Qxc4 Qxc4 20.Bxc4 Rxc4 21.a5 Rdc8 22.f3 Ba4
23.Nxa4 Rxa4 24.c3 Nd7 25.Bf4 d5 26.Bg3 Nc5 27.Nxc5 Bxc5+ 28.Kh2 dxe4 29.Rxe4 Ra2
30.b4 Bf8 31.Be1  1/2-1/2

[Event "Sitges op"]
[Site "Sitges"]
[Date "1995.??.??"]
[Round "5"]
[White "Luetke, Jens"]
[Black "Marcet Bisbale, Antonio"]
[Result "0-1"]
[WhiteElo "2310"]
[BlackElo "2390"]

1.e4 c5 2.Nf3 d6 3.Bb5+ Nd7 4.d4 cxd4 5.Qxd4 Nf6 6.Bg5 a6 7.Bxd7+ Bxd7 8.Nc3 Bc6
9.O-O-O Qa5 10.Rhe1 Nd7 11.b4 Qb6 12.Nd5 Qxd4 13.Nxd4 Rc8 14.Nxc6 bxc6 15.Ne3 h6
16.Bh4 g5 17.Bg3 Bg7 18.Kd2 Nb6 19.c3 c5 20.Rc1 cxb4 21.cxb4 Kd7 22.Rxc8 Rxc8
23.Rc1 Rxc1 24.Kxc1 Na4 25.Nd1 Ke6 26.Kc2 d5 27.exd5+ Kxd5 28.Kb3 Nb6 29.Ne3+ Ke4
30.Bc7 Bd4 31.a4 Bxe3 32.fxe3 Nd5 33.Bd8 Nxe3 34.b5 axb5 35.a5 Kd5 36.a6 Kc6
37.Bxe7 Nxg2 38.a7 Kb7 39.Bc5 Nf4 40.Bf8 h5 41.Kb4 Kxa7 42.Kxb5 Kb7 43.Bd6 Ne6
44.Be5 f5 45.Kc4 Kc6 46.Bb8 f4 47.Be5 g4 48.Bb8 h4 49.Kd3 g3 50.hxg3 h3  0-1

[Event "Skei-B"]
[Site "Skei"]
[Date "1995.??.??"]
[Round "4"]
[White "Gullaksen, Eirik T"]
[Black "Nordahl, Helge"]
[Result "0-1"]
[WhiteElo "2365"]
[BlackElo "2245"]

1.e4 c5 2.Nf3 d6 3.Bb5+ Bd7 4.Bxd7+ Nxd7 5.O-O Ngf6 6.Re1 g6 7.c3 Bg7 8.d4 O-O
9.Nbd2 Rc8 10.e5 Ne8 11.e6 fxe6 12.Ng5 Nc7 13.Ndf3 e5 14.dxe5 Nxe5 15.Nxe5 Bxe5
16.Qb3+ e6 17.Qxb7 Qf6 18.Nf3 Nd5 19.Bg5 Qf5 20.Nxe5 Qxg5 21.Nf3 Qg4 22.h3 Qf5
23.Rad1 Rb8 24.Qd7 Rxb2 25.Qxe6+ Qxe6 26.Rxe6 Nxc3 27.Rdxd6 Rxa2 28.Rc6 Ne2+
29.Kh1 Nd4 30.Nxd4 cxd4 31.f3 d3 32.Red6 d2 33.Kh2 Rxf3 34.Rc8+ Rf8 35.Rc7 Rf7
36.Rc8+ Kg7 37.Rcd8 Rf2 38.Kg3 Rxg2+ 39.Kf3 Rf2+ 40.Ke3 Rh2 41.Kf4 Rxh3 42.Kg5 Rg3+
43.Kh4 Rf3 44.Kg5 Rf5+ 45.Kg4 Ra1 46.R8d7+ Kh6  0-1

[Event "St Petersburg-ch"]
[Site "St Petersburg"]
[Date "1995.??.??"]
[Round "3"]
[White "Nepomnishay, Mikhail I"]
[Black "Lugovoi, Aleksei"]
[Result "1/2-1/2"]
[WhiteElo "2410"]
[BlackElo "2485"]

1.e4 c5 2.Nf3 d6 3.Bb5+ Bd7 4.Bxd7+ Qxd7 5.c4 Nf6 6.Nc3 Nc6 7.d4 cxd4 8.Nxd4 g6
9.f3 Nxd4 10.Qxd4 Bg7 11.Be3 O-O 12.Qd3 Qd8 13.Bd4 Qa5 14.O-O Rac8 15.b3 Rfe8
16.Rac1 a6 17.a4 Qb4 18.Rb1 Nd7 19.Bxg7  1/2-1/2

[Event "St Petersburg op"]
[Site "St Petersburg"]
[Date "1995.??.??"]
[Round "4"]
[White "Gubanov, Anton"]
[Black "Loskutov, Oleg"]
[Result "0-1"]
[WhiteElo "2420"]
[BlackElo "2305"]

1.e4 c5 2.Nf3 d6 3.Bb5+ Bd7 4.Bxd7+ Nxd7 5.O-O Ngf6 6.Qe2 e6 7.c4 Be7 8.Nc3 O-O
9.b3 a6 10.Bb2 Qa5 11.Ng5 h6 12.Nh3 b5 13.d3 Nh7 14.Nd1 Bf6 15.Bxf6 Nhxf6
16.f4 Qc7 17.Nc3 b4 18.Nd1 Nb8 19.g4 Nh7 20.Ne3 Nc6 21.g5 hxg5 22.fxg5 Qe7
23.Qh5 Ne5 24.Ng4 Nxg4 25.Qxg4 f5 26.Qh5 fxe4 27.dxe4 Rxf1+ 28.Rxf1 Rf8 29.Rxf8+ Nxf8
30.Kg2 Qb7 31.Qg4 a5 32.Nf2 Qd7 33.h4 a4 34.h5 a3 35.g6 Qe7 36.Qf4 Qf6 37.Qg3 e5
38.Ng4 Qg5 39.Qf3 Qd2+ 40.Kg1 Qf4 41.Qxf4 exf4 42.e5 d5 43.cxd5 c4 44.e6 cxb3
45.e7 b2 46.e8=Q b1=Q+ 47.Kg2 Qxa2+ 48.Kh3 Qxd5 49.Kh4 Qe6 50.Qd8 a2 51.h6 Qe7+  0-1

[Event "St Petersburg-ch"]
[Site "St Petersburg"]
[Date "1995.??.??"]
[Round "4"]
[White "Gubanov, Anton"]
[Black "Aseev, Konstantin N"]
[Result "0-1"]
[WhiteElo "2420"]
[BlackElo "2530"]

1.e4 c5 2.Nf3 d6 3.Bb5+ Bd7 4.Bxd7+ Qxd7 5.c4 Nf6 6.Nc3 Nc6 7.d4 cxd4 8.Nxd4 e6
9.O-O Be7 10.b3 O-O 11.Bb2 a6 12.Qd3 Rfd8 13.Rfd1 Rab8 14.a4 Qc7 15.Rab1 Qb6
16.Ba1 Nxd4 17.Qxd4 Qxd4 18.Rxd4 Nd7 19.Kf1 Nc5 20.f3 Bf6 21.Rdd1 Kf8 22.Ke2 Ke7
23.Kd2 h5 24.Kc2 Rdc8 25.Ne2 b5 26.axb5 axb5 27.Bxf6+ gxf6 28.Rd4 Nd7 29.Rbd1 Ne5
30.Kc3 bxc4 31.bxc4 Rc7 32.Ra1 Rcb7 33.Kd2 Rb2+ 34.Ke1 Rc2 35.Rd2 Rxd2 36.Kxd2 Rb2+
37.Ke1 Nxc4 38.Ra8 Ne3 39.Kf2 Nxg2 40.Kxg2 Rxe2+ 41.Kh3 Rc2 42.Rh8 Rc5 43.Kg3 Re5
44.h4 f5 45.f4 Rc5 46.Rxh5 fxe4 47.Rh8 Rc3+ 48.Kg2 Rf3  0-1

[Event "Furman mem"]
[Site "St Petersburg"]
[Date "1995.??.??"]
[Round "7"]
[White "Gurgenidze, Bukhuti"]
[Black "Savon, Vladimir A"]
[Result "1/2-1/2"]
[WhiteElo "2375"]
[BlackElo "2415"]

1.e4 c5 2.Nf3 d6 3.Bb5+ Bd7 4.Bxd7+ Nxd7 5.c4 Ngf6 6.Nc3 Rc8 7.O-O e6 8.d4 cxd4
9.Qxd4 a6 10.b3 Be7 11.Bb2 O-O 12.Rac1 Qa5 13.Qd2 Qh5 14.Qe2 Rfd8 15.Rfd1 h6
16.Nd4 Qxe2 17.Ndxe2 Nc5 18.f3 g5 19.Kf1 Kh7 20.Rc2 Rg8 21.h3 h5 22.Rcd2 Rc7
23.Ng3 Kg6 24.Nce2 Ncd7 25.Ba3 Nc5 26.Bb2 Ncd7  1/2-1/2

[Event "Furman mem"]
[Site "St Petersburg"]
[Date "1995.??.??"]
[Round "9"]
[White "Zaitsev, Igor A"]
[Black "Vasiukov, Evgeni"]
[Result "1/2-1/2"]
[WhiteElo "2470"]
[BlackElo "2515"]

1.e4 c5 2.Nf3 d6 3.Bb5+ Bd7 4.Bxd7+ Qxd7 5.O-O Nc6 6.c3 Nf6 7.Re1 e6 8.d4 cxd4
9.cxd4 d5 10.e5 Ne4 11.Nbd2 Nxd2 12.Bxd2 Be7 13.Rc1 O-O 14.Rc3 Rfc8 15.a3 Bd8
16.Rd3 h6 17.h4 Ne7 18.h5 a5 19.Nh4 Nf5 20.Nxf5 exf5 21.Qb1 Bb6 22.Bc3 Rc4
23.Red1 f4 24.Rf3 Qg4 25.Qc1 Rac8 26.Qxf4 Qxh5 27.Rdd3 R4c6 28.Rh3 Qg5 29.Qf3 Qd8
30.Qd1 Qd7 31.Rhg3 f5 32.Rdf3 Rf8 33.Qd3 Qe6 34.Rh3 Rc7 35.Rfg3 Rc6 36.f4 Kh7
37.Rf3 g6 38.Rf1 Rc4 39.Kh2 Rfc8 40.Rd1 Bd8 41.Qf3 b5 42.Qf2 h5 43.Qd2 a4
44.Qd3 Kg7  1/2-1/2

[Event "Stockholm op"]
[Site "Stockholm"]
[Date "1995.??.??"]
[Round "2"]
[White "Agrest, Svetlana"]
[Black "Bergqvist, Mats"]
[Result "1/2-1/2"]
[WhiteElo "2180"]
[BlackElo "2015"]

1.e4 c5 2.Nf3 d6 3.Bb5+ Bd7 4.Bxd7+ Qxd7 5.O-O Nf6 6.e5 dxe5 7.Nxe5 Qc7 8.d4 cxd4
9.Qxd4 Nc6 10.Nxc6 Qxc6 11.Nc3 e6 12.Bg5 Be7 13.Rad1  1/2-1/2

[Event "Stockholm-B"]
[Site "Stockholm"]
[Date "1995.??.??"]
[Round "4"]
[White "Kochetkov, German"]
[Black "Sammalvuo, Tapani"]
[Result "1/2-1/2"]
[WhiteElo "2465"]
[BlackElo "2390"]

1.e4 c5 2.Nf3 d6 3.Bb5+ Nc6 4.O-O Bd7 5.Re1 Nf6 6.c3 a6 7.Ba4 b5 8.Bc2 e5
9.a4 Be7 10.d4 cxd4 11.cxd4 Bg4 12.d5 Nd4 13.Be3 Nxc2 14.Qxc2 O-O 15.Nc3 Qd7
16.Nd2 Qb7 17.Qb3 Bd7 18.f3 Rfc8 19.axb5 axb5 20.Qb4 Ne8 21.Rxa8 Qxa8 22.f4 exf4
23.Bxf4 Qa7+ 24.Be3 Qa6 25.e5 Bf8 26.e6 fxe6 27.dxe6 Bxe6 28.Qxb5  1/2-1/2

[Event "Stockholm op"]
[Site "Stockholm"]
[Date "1995.??.??"]
[Round "5"]
[White "Delveborn, Ingemar"]
[Black "Baldazzi, Stefano"]
[Result "0-1"]
[WhiteElo "2240"]
[BlackElo "2200"]

1.e4 c5 2.Nf3 d6 3.Bb5+ Nc6 4.O-O e6 5.c3 a6 6.Bxc6+ bxc6 7.d4 Nf6 8.e5 Nd7
9.Bf4 d5 10.Re1 Be7 11.Nbd2 O-O 12.Qc2 Bb7 13.Rac1 Rc8 14.Qb1 cxd4 15.cxd4 c5
16.dxc5 Rxc5 17.Nd4 Qb6 18.N2f3 Rfc8 19.Be3 Qd8 20.Nb3 Rc4 21.Bd4 Nc5 22.Nfd2 Nxb3
23.Nxb3 Bg5 24.Rcd1 a5 25.Qd3 Ba6 26.Nd2 R4c6 27.Qb1 Qd7 28.Nf3 Be7 29.Bc3 Bb4
30.Bxb4 axb4 31.Nd4 Rc4 32.Qd3 Qa7 33.Qd2 h6 34.h4 Qe7 35.g3 Qc5 36.Kg2 Qa5
37.a3 Qc5 38.axb4 Rxb4 39.b3 Qb6 40.Re3 Qc5 41.h5 Rb5 42.Ree1 Qc3 43.Qxc3 Rxc3
44.Rc1 Rd3 45.Red1 Rb4 46.Ra1 Rbxd4  0-1

[Event "Stockholm-B"]
[Site "Stockholm"]
[Date "1995.??.??"]
[Round "6"]
[White "Kochetkov, German"]
[Black "Hedman, Erik"]
[Result "1/2-1/2"]
[WhiteElo "2465"]
[BlackElo "2280"]

1.e4 c5 2.Nf3 d6 3.Bb5+ Nd7 4.O-O Nf6 5.Re1 a6 6.Bf1 b6 7.c4 e5 8.a3 g6 9.d3 Bg7
10.Nc3 O-O 11.b4 h6 12.Rb1 Bb7 13.Nd2 Ne8 14.bxc5 dxc5 15.a4 Bc6 16.Be2 Nc7
17.Nf1 Ne6 18.Ne3 Nd4 19.Ned5  1/2-1/2

[Event "Stockholm op"]
[Site "Stockholm"]
[Date "1995.??.??"]
[Round "7"]
[White "Von Bahr, Oskar"]
[Black "Andersson, Mats"]
[Result "1-0"]
[WhiteElo "2145"]
[BlackElo "2335"]

1.e4 c5 2.Nf3 d6 3.Bb5+ Nd7 4.O-O Nf6 5.Re1 a6 6.Bf1 b6 7.c4 Bb7 8.Nc3 Ne5
9.Nd5 Nfd7 10.d3 e6 11.Nc3 Be7 12.a3 Bf6 13.g3 h5 14.Nxe5 Nxe5 15.Bg2 h4
16.Be3 Nc6 17.Rb1 Bd4 18.Qd2 hxg3 19.hxg3 Qf6 20.Nd5 exd5 21.exd5 Ne7 22.Bg5 Bxf2+
23.Qxf2 Qxg5 24.b4 O-O-O 25.bxc5 bxc5 26.d4 cxd4 27.c5 Bxd5 28.Qc2 Qxg3 29.Rxe7  1-0

[Event "Strumica"]
[Site "Strumica"]
[Date "1995.??.??"]
[Round "9"]
[White "Kurajica, Bojan"]
[Black "Azmaiparashvili, Zurab"]
[Result "0-1"]
[WhiteElo "2585"]
[BlackElo "2610"]

1.e4 c5 2.Nf3 d6 3.Bb5+ Bd7 4.a4 Nc6 5.O-O Nf6 6.Re1 e6 7.d4 cxd4 8.Nxd4 Be7
9.Nc3 Rc8 10.Bxc6 Bxc6 11.a5 O-O 12.f3 Nd7 13.Be3 Ne5 14.Qe2 Be8 15.a6 bxa6
16.Rxa6 Nc4 17.Rxa7 Nxb2 18.Rb1 Rxc3 19.Rxb2 d5 20.Rbb7 Bc5 21.Bf2 Bxa7 22.Rxa7 dxe4
23.Qxe4 Rc7 24.Ra1 Qc8 25.Ra8 Qb7 26.Bg3 Qxe4 27.fxe4 Rc4 28.c3 Bc6 29.Rxf8+ Kxf8
30.Bd6+ Ke8 31.Bb4 Bxe4 32.Nb5 Kd7  0-1

[Event "SVK-chT"]
[Site "?"]
[Date "1995.??.??"]
[Round "?"]
[White "Oral, Tomas"]
[Black "Horvath, Mario"]
[Result "1-0"]
[WhiteElo "2405"]
[BlackElo "2270"]

1.e4 c5 2.Nf3 d6 3.Bb5+ Bd7 4.Bxd7+ Qxd7 5.c4 Nc6 6.Nc3 Ne5 7.Nxe5 dxe5 8.Qh5 Qd4
9.Qe2 e6 10.d3 Qd7 11.O-O Bd6 12.f4 exf4 13.e5 Bc7 14.Bxf4 Ne7 15.Ne4 b6
16.Rae1 Ng6 17.Bg3 Rd8 18.Ng5 O-O 19.Qh5 h6 20.Nxf7 Rxf7 21.Qxg6 Rdf8 22.Rxf7 Qxf7
23.Qxf7+ Rxf7 24.Re3 Bd8 25.Rf3 Rb7 26.Kf1 a6 27.Bf2 Be7 28.Ke2 b5 29.b3 Rd7
30.Rf4 Rd8 31.cxb5 axb5 32.a4 Rb8 33.h3 bxa4 34.bxa4 Rb2+ 35.Kf3 Rb3 36.Ke4 Rb4+
37.Kf3 Rb3 38.Ke2 Rb2+ 39.Kf1 Rb1+ 40.Ke2 Rb2+ 41.Kd1 Bg5 42.Rf3 Rd2+ 43.Ke1 Ra2
44.Bxc5 Rxa4 45.Be3 Bxe3 46.Rxe3 Ra2 47.Re2 Ra5 48.Kd2 Kf7 49.Kc3 Ra4 50.d4 Ra1
51.Rc2 Ra4 52.Kd3 Ra7 53.h4 Ra4 54.g4 Ra1 55.Rc7+ Kf8 56.Rc6 Ke7 57.Kc4 Rc1+
58.Kb5 Rb1+ 59.Kc5 Rc1+ 60.Kb6 Rb1+  1-0

[Event "SVK-chT"]
[Site "?"]
[Date "1995.??.??"]
[Round "?"]
[White "Velicka, Petr"]
[Black "Ftacnik, Lubomir"]
[Result "0-1"]
[WhiteElo "2425"]
[BlackElo "2605"]

1.e4 c5 2.Nf3 d6 3.Bb5+ Nd7 4.d4 Nf6 5.O-O a6 6.Bxd7+ Nxd7 7.c4 e6 8.Bg5 Qb6
9.Qd2 cxd4 10.Nxd4 Ne5 11.b3 h6 12.Be3 Ng4 13.Nc3 Nxe3 14.Qxe3 Be7 15.Rfe1 Bg5
16.Qd3 O-O 17.Rad1 Rd8 18.Qg3 Bf6 19.Nf5 Bxc3 20.Nxh6+ Kh7 21.Nxf7 Bxe1 22.Qh4+ Kg8
23.c5 Qxc5 24.Nh6+ gxh6 25.Qxd8+ Kf7 26.Rxe1 Qg5 27.Qxd6 Qe7 28.Qf4+ Kg7
29.Qe5+ Kh7 30.h3 Qg7 31.Qd6 Bd7 32.Rd1 Bb5 33.Qxe6 Rg8 34.g4 Rf8 35.Rd2 Qc3
36.Qe7+ Kg8 37.Qe6+ Kg7 38.Qd6 Bc6 39.Qd4+ Qxd4 40.Rxd4 Rf4 41.Kf1 Rxe4 42.Rxe4 Bxe4
43.Ke2 Kf6 44.h4 Bb1 45.a3 Ba2 46.b4 Be6 47.Kf3 h5 48.gxh5 Kg7 49.Ke4 Kh6
50.b5 axb5 51.f4 Kxh5 52.f5 Bc4 53.Kd4 Kxh4 54.Kc5 Kg5 55.Kb6 Kxf5 56.Kxb7 Bb3  0-1

[Event "SVK-chT"]
[Site "?"]
[Date "1995.??.??"]
[Round "?"]
[White "Kotan, Ladislav"]
[Black "Safyanovsky, Mark"]
[Result "1-0"]
[WhiteElo "2350"]
[BlackElo "2415"]

1.e4 c5 2.Nf3 d6 3.Bb5+ Bd7 4.Bxd7+ Qxd7 5.O-O Nc6 6.c4 Nf6 7.Nc3 g6 8.d3 Bg7
9.h3 O-O 10.Be3 a6 11.Qd2 Rab8 12.Bh6 b5 13.b3 Rfc8 14.Bxg7 Kxg7 15.Nh4 Rg8
16.f4 Kh8 17.Nf3 Qd8 18.Rae1 Rg7 19.Kh2 Nd7 20.Nd5 e6 21.Ne3 Nd4 22.Nc2 Nxf3+
23.Rxf3 Qf6 24.e5 Qe7 25.d4 bxc4 26.bxc4 dxe5 27.dxe5 g5 28.f5 exf5 29.Rxf5 Nf8
30.Qd6 Re8 31.Rd1 Qe6 32.Qxe6 Nxe6 33.Rd7 Kg8 34.Ne3 Nd4 35.Rf2 h5 36.Nd5 Rxe5
37.Nf6+ Kf8 38.Ra7 Re6 39.Nxh5 Rh7 40.Nf6 Rg7 41.Rc7 Rd6  1-0

[Event "SVK-chT"]
[Site "?"]
[Date "1995.??.??"]
[Round "?"]
[White "Franzen, Josef"]
[Black "Zavadsky, Peter"]
[Result "1/2-1/2"]
[WhiteElo "2315"]
[BlackElo "2330"]

1.e4 c5 2.Nf3 d6 3.Bb5+ Bd7 4.Bxd7+ Qxd7 5.c4 Nc6 6.d4 cxd4 7.Nxd4 Nf6 8.Nc3 e6
9.O-O Be7 10.Be3 O-O 11.f3 Qd8 12.Qd2 a6 13.Rfd1 Rc8 14.b3 Nd7 15.Rac1 Re8
16.Kh1 Qc7 17.Nd5 exd5 18.cxd5 Nde5 19.dxc6 bxc6 20.f4 Ng4 21.Rxc6 Qb7 22.Rdc1 Rxc6
23.Nxc6 Bf8 24.h3 Nf6 25.e5 dxe5 26.Nxe5 Qe4 27.Qd4 Qxd4 28.Bxd4 Nd5 29.g3 f6
30.Nd7 Bb4 31.Rc2 Rd8 32.Nb6 Nxf4 33.Bxf6 gxf6 34.gxf4 Rd3 35.Kg2 Bd6 36.Rc6 Bxf4
37.Rxf6 Rd2+ 38.Kf3 Bg5 39.Rf5 Bd8 40.Rd5 Rxd5 41.Nxd5 Kf7 42.Nb4 a5 43.Nc6 Bc7
44.Ke4 Kf6 45.Nd4 Bb6 46.Nf3 Bf2 47.Kf4 Bb6 48.Nd2 Bc7+ 49.Ke4 Bg3 50.a3 Be1
51.Nc4 Kg5 52.Ne5 Bf2 53.Nf3+ Kf6 54.b4 axb4 55.axb4 h5 56.Nd4 Kg5 57.Nf3+ Kf6
58.b5 Ke6 59.Ne5 Kd6 60.Nd3 Bb6 61.Kf5 Bd8 62.Nf4 h4 63.Ke4 Bf6 64.Nd3 Bc3
65.Kf5 Bd4 66.Kg5 Kd5 67.Kxh4 Kc4 68.Nf4 Kxb5  1/2-1/2

[Event "SWZ-chT"]
[Site "SWZ"]
[Date "1995.??.??"]
[Round "7"]
[White "Pytel, Martin"]
[Black "Kaufmann, Werner"]
[Result "1/2-1/2"]
[WhiteElo "2235"]
[BlackElo "2270"]

1.e4 c5 2.Nf3 d6 3.Bb5+ Nc6 4.Bxc6+ bxc6 5.O-O Bg4 6.h3 Bh5 7.Qe2 e6 8.b3 Qf6
9.Nc3 Bxf3 10.Qxf3 Qxf3 11.gxf3 g6 12.Ne2 Bg7 13.c3 Ne7 14.Ba3 Kd7 15.d4 cxd4
16.cxd4 a5 17.Rac1 a4 18.b4 Rhb8 19.Rfd1 Nc8 20.Rc4 Na7 21.Kg2 Nb5 22.Bc1 d5
23.Rc2 a3 24.Rd3 Bf8 25.Rb3 Ra4 26.Bf4 Rb7 27.Rc1 Rxb4 28.Rxb4 Bxb4 29.Rb1 Ba5
30.Rb3 Ra7 31.Be3 Bb6 32.Rb4 Bd8 33.Nc1 Be7 34.Rb3 Ra4 35.Nd3 f6 36.exd5 exd5
37.Nf4 Rb4 38.Rxb4 Bxb4 39.Nd3 Bc3 40.Nc5+ Ke7 41.Nb3 Bb2 42.Kf1 f5 43.f4 Kd7
44.Ke1 Kc7 45.Kd2 Nc3 46.Nc1 Kb6 47.Kc2 Kb5 48.Kb3 Na4 49.Nd3 c5 50.dxc5 d4
51.Bd2 Nxc5+ 52.Kc2 Ne4 53.Be1 Bc3 54.f3 Bxe1 55.fxe4 Bh4 56.exf5 gxf5 57.Ne5 Bg3
58.Kd3 Bxf4 59.Nc4 Bc1 60.Nd6+ Kc5 61.Nxf5 Bb2 62.Nh4 Kd5 63.Nf3 h6 64.Nh2 Bc1
65.Ng4 Bg5 66.Nh2 Ke5 67.Ng4+ Kf4 68.Nxh6 Bxh6 69.Kxd4 Kf3 70.Kd3 Kf2 71.h4 Ke1
72.Kc2 Ke2 73.h5 Ke3 74.Kb3  1/2-1/2

[Event "SWZ-chT"]
[Site "SWZ"]
[Date "1995.??.??"]
[Round "8"]
[White "Domont, Alexandre"]
[Black "Raeber, Markus"]
[Result "1/2-1/2"]
[WhiteElo "2340"]
[BlackElo "2115"]

1.e4 c5 2.Nf3 d6 3.Bb5+ Bd7 4.Bxd7+ Qxd7 5.c4 Nc6 6.d4 cxd4 7.Nxd4 g6 8.Nc3 Bg7
9.Be3 Nf6 10.f3 O-O 11.O-O Rfc8 12.b3 Rab8 13.Rc1 a6 14.Nxc6 Rxc6 15.Nd5 Nxd5
16.exd5 Rcc8 17.Bb6 Ra8 18.Qd2 a5 19.a4 h5 20.Rce1 Re8 21.Re4 e5 22.dxe6 fxe6
23.Rd1 Bf8 24.Kh1 d5 25.cxd5 exd5 26.Rxe8 Rxe8 27.Bxa5 d4 28.Qd3 Qf5 29.Qxf5 gxf5
30.Rd3 Bg7 31.Kg1 Kf7 32.Bb6 Re6 33.a5 Re1+ 34.Kf2 Rb1 35.Bxd4 Bxd4+ 36.Rxd4 Rxb3
37.Rd6 Rb5 38.f4 Rxa5 39.Rd7+ Kg6 40.Rd6+ Kg7 41.Rd7+ Kg6 42.Rxb7 h4 43.Rb6+ Kh5
44.h3 Ra2+ 45.Kf3 Ra3+  1/2-1/2